Historia de España.

Gespeichert in:
Bibliographische Detailangaben
1. Verfasser: Solana, Ezequiel. Autor, Maestro por oposición de las Escuelas Municipales de Madrid
Format: keine Angabe
Sprache:Spanisch
Erschienen: Madrid El Magisterio Español 1931
Ausgabe:30ª
Katalog:MANES:  Suchergebnis im Bibliothekskatalog
Schulbuchspezifische Eigenschaften:
Tags: Tag hinzufügen
Keine Tags, Fügen Sie den ersten Tag hinzu!
Hinzugefügt zu:26.04.2016
Geändert in:07.05.2025

MARC

LEADER 000000000a22000000004500
001 09347
003 OSt
005 20250507134311.0
008 160427s sp ||||| |||| 00| 0 spa d
040 |c centro_manes 
041 1 |a spa 
561 |5 es-BUNED  |3 LT 0036  |a España. Fondo Manes UNED  |k MANES 
691 0 |a PRI 
100 1 |a Solana, Ezequiel. Autor, Maestro por oposición de las Escuelas Municipales de Madrid  |9 5119 
245 0 0 |a Historia de España. 
250 |a 30ª 
260 3 |a Madrid  |b El Magisterio Español  |c 1931 
300 |a 77 p.  |c 18 x 12,3 cm 
690 0 |a HI 
942 |2 ddc  |c BK 
546 |a España 
999 |c 15321  |d 15321 
999 |c manes:15321  |d 15321